• 首页
  • 本馆介绍
  • 公告通知
  • 最新文献
  • 馆藏检索
  • 电子资源
  • 读者导购
  • 参考咨询
  • 我的图书馆
  • 登录
  • 详细信息显示
  • 放入我的书架
  • 预约/预借图书
  • 作者相关作品
  • 分类相关作品
  • 丛书相关作品
  • 出版社相关作品

书目信息

  • 表格格式
  • 工作单格式
  • 卡片格式
书名: Introducing communication theory
作者: Richard West, Lynn H. Turner.
分册号:
分册名:
出版地: Mountain View, Calif. :
 
出版社: Mayfield Pub
出版时间: c2000.
页数: xviii, 478 p. :
开本: 24 cm.
丛书名:
中图分类号:
科图分类号:
其他分类号: G201
主题词:
电子资源: http://www.loc.gov/catdir/description/mh024/99048670.html      http://www.loc.gov/catdir/toc/mh023/99048670.html     
000 01130cam 2200313 a 4500
001 E0734679409
005 20070320144759.34
008 990917s2000 caua b 001 0 eng
010    @a 99048670
020    @a0767405226 :@cUSD41.85.
040    @aDLC@cDLC@dDLC
050 00 @aQ360@b.W47 2000
082 00 @a003/.54 @2 21
090    @aG201/X14
090    @aG201
092    @aCN@b商-02@aCN@b外-91@aCN@b社-423@aCN@b高教-72
093    @aG201 @2 4
099    @dG201@ex10
100 1  @aWest, Richard L.
245 10 @aIntroducing communication theory :@banalysis and application / @cRichard West, Lynn H. Turner.
260    @aMountain View, Calif. :@bMayfield Pub.,@cc2000.
300    @axviii, 478 p. :@bill. ;@c24 cm.
504    @aIncludes bibliographical references (p. 439-463) and indexes.
650  0 @aCommunication.
650  0 @aInformation theory.
700 1  @aTurner, Lynn H.
856 2  @3 Publisher description@uhttp://www.loc.gov/catdir/description/mh024/99048670.html
856 1  @3 Table of contents@uhttp://www.loc.gov/catdir/toc/mh023/99048670.html
920    @a232010@z2
    
    Introducing communication theory : : analysis and application / / Richard West, Lynn H. Turner.-Mountain View, Calif. : : Mayfield Pub., , c2000.
    xviii, 478 p. : : ill. ; ; 24 cm.
    Includes bibliographical references (p. 439-463) and indexes.
    
    ISBN 0767405226 :USD41.85.
    
●
相关链接 在E读中查询图书 在五车中查询图书 在当当中查询图书 在豆瓣中查询图书


正题名:Introducing communication theory     索取号:G201/x10         预约/预借

序号 登录号 条形码 馆藏地/架位号 状态 备注
1 0002754   300027548   第二样本阅览室/ [索取号:G201/x10] 在馆    
2 0002755   300027557   第四借阅区/ [索取号:G201/x10] 在馆    
3 0002756   300027566   第四借阅区/ [索取号:G201/x10] 在馆    
4 0002982   300029822   第四借阅区/ [索取号:G201/x10] 在馆    
5 0002983   300029831   第四借阅区/ [索取号:G201/x10] 在馆    
6 0002984   300029840   第四借阅区/ [索取号:G201/x10] 在馆    
唐山师范学院图书馆 欢迎您!
大连网信软件有限公司© 版权所有